Famous Maxis Games - Statistics

General Stats
  • This quiz has been taken 6 times
  • The average score is 6 of 15
Answer Stats
Hint Answer % Correct
The Original Mayor Simcity
80%
"Will Wright's Dollhouse" The Sims
80%
Mayor Defacto returns Simcity 2000
60%
Includes Rush Hour Simcity 4
60%
'Monster' Evolution Spore
60%
Reporting heavy traffic SimCopter
40%
Gaia Simulator SimEarth
40%
Yoot Saito's Brainchild SimTower
40%
Dolls in full 3D The Sims 2
40%
Claymolding People The Sims 4
40%
Japanese Transportation A-Train
20%
Overrun the house! SimAnt
20%
American and Canadian systems SimHealth
20%
"Play With Life" The Sims 3
20%
'Failed' reboot Simcity (2015)
0%
No matching quizzes found
Score Distribution
Percent of People with Each Score
Percentile by Number Answered
Your Score History
You have not taken this quiz